Environmentálne riešenie v praxi

Vyzdvihnutie významu marketingu pre spoločnosť a analýza možnosti aplikácie nových environmentálnych technológií. Vplyv spoločenskej zodpovednosti podnikov na úspešné podnikanie a marketing v oblasti životného prostredia. Význam vodných zdrojov v podnikaní a poukázanie na to, ako ušetriť vzácne vodn...

Descrizione completa

Salvato in:
Dettagli Bibliografici
Autore principale: Rehák, Róbert, 1984-
Natura: Capitolo di libro
Lingua:slovacco
Soggetti:
Tags: Aggiungi Tag
Nessun Tag, puoi essere il primo ad aggiungerne!!

MARC

LEADER 00000nla a2200000 4500
001 0243080
005 20240502073938.7
041 0 |a slo 
044 |a SK 
245 1 0 |a Environmentálne riešenie v praxi  |c Róbert Rehák 
520 |a Vyzdvihnutie významu marketingu pre spoločnosť a analýza možnosti aplikácie nových environmentálnych technológií. Vplyv spoločenskej zodpovednosti podnikov na úspešné podnikanie a marketing v oblasti životného prostredia. Význam vodných zdrojov v podnikaní a poukázanie na to, ako ušetriť vzácne vodné zdroje. 
610 2 0 |a prostredie životné 
610 2 0 |a environmentalistika 
610 2 0 |a zdroje vodné 
610 2 0 |a zodpovednosť spoločenská 
610 2 0 |a zodpovednosť podniku spoločenská 
610 2 0 |a marketing environmentálny 
100 1 |a Rehák, Róbert, 1984-